| 000 | 00721nam a22001937a 4500 | ||
|---|---|---|---|
| 999 |
_c371780 _d371780 |
||
| 008 | 201222b ||||| |||| 00| 0 eng d | ||
| 040 |
_aDE-2950 _bger _cDE-2950 _erda |
||
| 041 | _ager | ||
| 245 |
_aIm Lennépark rauscht das Wasser wieder. _bKaskade: Im Bürgerpark können Spaziergänger dem Anblick des Wasserfalls bestaunen. Mehrere Monate gab es kein fließendes Nass./ _capr. |
||
| 264 | _c2022 | ||
| 653 | _aFrankfurt (Oder) | ||
| 653 | _aLennépark | ||
| 653 | _aKaskade | ||
| 773 |
_tMärkischer Markt _dFrankfurt (Oder): Märkisches Verlags- und Druckhaus GmbH & Co. KG _g31. Jahrgang (2022) KW 31 vom 03.08.2022, S. 1 |
||
| 942 | _cA | ||